Az orvostanhallgatók pályaválasztási indítékai

Elmentve itt :
Bibliográfiai részletek
Szerző: Rácz Edit
További közreműködők: Duró Lajos (Témavezető)
Dokumentumtípus: Szakdolgozat
Megjelent: 1985
Tárgyszavak:
Online Access:http://diploma.bibl.u-szeged.hu/55425
LEADER 00537nta a2200157 i 4500
001 dipl55425
005 20160204160123.0
008 160204s1985 hu om 0|| hun d
040 |a SZTE Diploma Repozitórium  |b hun 
041 |a hun 
100 1 |a Rácz Edit 
245 1 3 |a Az orvostanhallgatók pályaválasztási indítékai  |h [elektronikus dokumentum] /  |c Edit Rácz 
260 |c 1985 
650 4 |a Bölcsészettudományok 
700 1 |a Duró Lajos  |e ths 
856 4 0 |u http://diploma.bibl.u-szeged.hu/id/eprint/55425/1/1985_racz_edit.pdf  |z Dokumentum-elérés